Advanced Engineering Mathematics (Record no. 527259)

000 -LEADER
fixed length control field 00303nam a22001337a 4500
040 ## - CATALOGING SOURCE
Transcribing agency NUST
082 ## - DEWEY DECIMAL CLASSIFICATION NUMBER
Edition number 6th
Classification number 510.2462
Author Mark ZIL
100 ## - MAIN ENTRY--PERSONAL NAME
Personal name Zill Dennis G
9 (RLIN) 1266
245 ## - TITLE STATEMENT
Title Advanced Engineering Mathematics
260 ## - PUBLICATION, DISTRIBUTION, ETC.
Name of publisher, distributor, etc. Learning
Date of publication, distribution, etc. 2018
300 ## - PHYSICAL DESCRIPTION
Other physical details PB ,ill,119
521 ## - TARGET AUDIENCE NOTE
Target audience note PB
942 ## - ADDED ENTRY ELEMENTS (KOHA)
Source of classification or shelving scheme
Koha item type Book
Holdings
Withdrawn status Lost status Source of classification or shelving scheme Damaged status Not for loan Permanent Location Current Location Date acquired Total Checkouts Full call number Barcode Date last seen Price effective from Koha item type
          NUST Baluchistan Campus (NBC) NUST Baluchistan Campus (NBC) 07/23/2019   510.2462 ZIL Q-262 07/23/2019 07/23/2019 Book
© 2023 Central Library, National University of Sciences and Technology. All Rights Reserved.